Ngữ âm học và âm vị học = English phonetics and phonology

সংরক্ষণ করুন:
গ্রন্থ-পঞ্জীর বিবরন
প্রধান লেখক: Roach, Peter
বিন্যাস: গ্রন্থ
ভাষা:Undetermined
প্রকাশিত: Thành phố Hồ Chí Minh Nhà xuất bản Thành phố Hồ Chí Minh 1998
বিষয়গুলি:
ট্যাগগুলো: ট্যাগ যুক্ত করুন
কোনো ট্যাগ নেই, প্রথমজন হিসাবে ট্যাগ করুন!
Thư viện lưu trữ: Trung tâm Học liệu Trường Đại học Cần Thơ
LEADER 00704nam a2200217Ia 4500
001 CTU_64283
008 210402s9999 xx 000 0 und d
020 |b 27000 
082 |a 421.55 
082 |b R629 
100 |a Roach, Peter 
245 0 |a Ngữ âm học và âm vị học = 
245 0 |b English phonetics and phonology 
245 0 |c Peter Roach; Lê Huy Lâm biên dịch 
260 |a Thành phố Hồ Chí Minh 
260 |b Nhà xuất bản Thành phố Hồ Chí Minh 
260 |c 1998 
650 |a English language,English language 
650 |x Phonetics,phonology 
904 |i Nguyên sửa 
980 |a Trung tâm Học liệu Trường Đại học Cần Thơ